All Migos Songs - Statistics

General Stats
  • This quiz has been taken 211 times
    131 since last reset
  • The average score is 42 of 348
Answer Stats
Album Song % Correct
C U L T U R E Bad and Boujee
74%
Culture II Stir Fry
70%
Culture II Walk It Talk It
65%
C U L T U R E T-Shirt
62%
Culture II Narcos
61%
Culture II MotorSport
59%
C U L T U R E Slippery
50%
C U L T U R E Culture
48%
Y.R.N. (Young Rich N****s) Versace
46%
Culture II BBO (Bad B****es Only)
44%
C U L T U R E Kelly Price
43%
Culture III Need It
43%
C U L T U R E Deadz
39%
3 Way 3 Way (Intro)
37%
Culture II Higher We Go (Intro)
37%
Culture III Straightenin
37%
C U L T U R E Get Right Witcha
36%
No Label 2 Fight Night
35%
Culture II Notice Me
33%
Culture III Avalanche
32%
Y.R.N 2 (Young Rich N*ggas 2) YRN 2 (Intro)
32%
Culture III Having Our Way
31%
Control the Streets, Volume 2 | Streets on Lock | Streets on Lock 2 Intro
31%
Y.R.N. (Young Rich N****s) (Intro) Rich Then Famous
31%
Juug Season Intro (Takeoff Shooter)
31%
Perfect Ten Pure Water
31%
Back to the Bando See What I'm Saying (Intro)
31%
C U L T U R E Brown Paper Bag
30%
Culture III Malibu
30%
Culture II White Sand
30%
Culture II Open It Up
29%
Culture III Picasso
29%
Culture II Culture National Anthem (Outro)
28%
C U L T U R E What the Price
28%
Culture III Antisocial
27%
C U L T U R E Call Casting
27%
No Label 2 Handsome and Wealthy
27%
Y.R.N. (Young Rich N****s) YRN
27%
Culture II CC
26%
Culture II Gang Gang
25%
Culture III Light It Up
25%
Quarantine Mixtape Taco Tuesday
25%
Culture III Birthday
23%
Y.R.N 2 (Young Rich N*ggas 2) Commando
23%
Bright: The Album Danger
23%
Y.R.N. (Young Rich N****s) Hannah Montana
23%
Culture III Jane
23%
Culture II Supastars
23%
Culture III Modern Day
22%
Culture III Vaccine
22%
Culture II Emoji a Chain
21%
C U L T U R E All Ass
20%
C U L T U R E Big on Big
20%
Culture III Mahomes
20%
No Label | Y.R.N. (Young Rich N****s) Bando
19%
C U L T U R E Out Yo Way
19%
Yung Rich Nation Pipe It Up
19%
Culture III Roadrunner
19%
Culture II Auto Pilot
18%
Culture II Beast
18%
Steets on Lock 3 Rich N***a Shit
18%
Single (#2) Cocoon
17%
Culture II Flooded
17%
Back to the Bando Look at My Dab
16%
Culture II Made Men
16%
Streets on Lock 2 Outro
16%
Quarantine Mixtape Racks 2 Skinny
16%
Culture II Too Much Jewelry
16%
Culture II Top Down on da Nawf
16%
Y.R.N 2 (Young Rich N*ggas 2) Bars
15%
Culture III Handle My Business
15%
Juug Season Juug Season
15%
Control the Streets, Volume 1 Too Hotty
15%
Culture II Too Playa
15%
Culture III Why Not
15%
Rich N***a Timeline Cross the Country
14%
Culture II Crown the Kings
14%
Rich N***a Timeline Rich N***a Timeline
14%
Culture III Time for Me
14%
Steets on Lock 3 Trap
14%
Back to the Bando Back to the Bando
13%
Y.R.N 2 (Young Rich N*ggas 2) Hoe On a Mission
13%
Yung Rich Nation One Time
13%
Y.R.N 2 (Young Rich N*ggas 2) Plan B
13%
Control the Streets, Volume 2 Stripper Bowl
13%
Control the Streets, Volume 1 Bosses Don't Speak
12%
Y.R.N 2 (Young Rich N*ggas 2) Chapter 1
12%
No Label 2 Freak No More
12%
Single (#4) Give No Fxk
12%
Yung Rich Nation Highway 85
12%
Culture II Movin' Too Fast
12%
Culture III What You See
12%
No Label 2 Young Rich N****s
12%
No Label 2 Antidote
11%
Yung Rich Nation Cocaina
11%
Y.R.N 2 (Young Rich N*ggas 2) Hate It or Love It
11%
Y.R.N 2 (Young Rich N*ggas 2) WOA
11%
Culture II Work Hard
11%
Y.R.N 2 (Young Rich N*ggas 2) You Wanna See
11%
No Label 2 Add It Up
10%
Rich N***a Timeline Bachelor
10%
No Label 2 Birds
10%
Y.R.N 2 (Young Rich N*ggas 2) Chances
10%
Y.R.N. (Young Rich N****s) Chinatown
10%
No Label 2 Contraband
10%
Control the Streets, Volume 1 Control the Streets (Intro)
10%
3 Way Coppers and Robbers
10%
No Label 2 Copy Me
10%
Y.R.N 2 (Young Rich N*ggas 2) Fall Back
10%
No Label 2 First 48
10%
No Label 2 Kidding Me
10%
Yung Rich Nation Migos Origin
10%
Control the Streets, Volume 1 Pop Sh*t
10%
3 Way Savages Only
10%
3 Way Slide On Em
10%
Yung Rich Nation Trap Funk
10%
Y.R.N 2 (Young Rich N*ggas 2) Trippin
10%
Culture III Type Sh*t
10%
Control the Streets, Volume 1 What It Do
10%
3 Way Can't Go Out Sad
9%
Yung Rich Nation Dab Daddy
9%
Y.R.N. (Young Rich N****s) FEMA
9%
Y.R.N 2 (Young Rich N*ggas 2) Flying Coach
9%
Back to the Bando Forrest Whitaker
9%
Control the Streets, Volume 2 Frosted Flakes
9%
Yung Rich Nation Gangsta Rap
9%
Rich N***a Timeline Hit Em
9%
No Label 2 Hot Boy
9%
Control the Streets, Volume 1 Interview
9%
No Label 2 Intro No Label 2
9%
Yung Rich Nation Memoirs
9%
Control the Streets, Volume 2 Menace 2
9%
No Label 2 Payola
9%
No Label 2 Peek a Boo
9%
Y.R.N. (Young Rich N****s) R.I.P.
9%
Yung Rich Nation Spray the Champagne
9%
Yung Rich Nation Street N***a Sacrifice
9%
Rich N***a Timeline Struggle
9%
Rich N***a Timeline Wishy Washy
9%
Streets on Lock | World War 3D: The Green Album Wrist Game
9%
Y.R.N. (Young Rich N****s) Adios
8%
Rich N***a Timeline All Good
8%
No Label 2 Built Like Me
8%
Rich N***a Timeline Can't Believe It
8%
Still on Lock Change
8%
Y.R.N. (Young Rich N****s) Chirpin
8%
Y.R.N. (Young Rich N****s) Dennis Rodman
8%
Y.R.N. (Young Rich N****s) F*ck 12
8%
No Label Hit Juug
8%
Yung Rich Nation Just for Tonight
8%
No Label 2 M&M's
8%
Rich N***a Timeline Move
8%
Rich N***a Timeline Nawfside
8%
No Label 2 No F**kin With
8%
No Label 2 | Solid Foundation Ounces
8%
Yung Rich Nation Playa Playa
8%
Rich N***a Timeline Pop That
8%
Juug Season Pots and Pans
8%
Yung Rich Nation Recognition
8%
Rich N***a Timeline Take Her
8%
Control the Streets, Volume 1 Thick & Pretty
8%
Y.R.N. (Young Rich N****s) We Ready Remix
8%
Yung Rich Nation What a Feeling
8%
No Label 2 Where Were You
8%
No Label 2 YRH
8%
World War 3D: The Green Album 1017
7%
No Label 2Pac & Biggie
7%
Rich N***a Timeline Ain't Mine
7%
No Label Bags
7%
Y.R.N. (Young Rich N****s) Bakers Man
7%
Still on Lock Bandz in the Bank
7%
No Label Been Dropped A Sac
7%
No Label 2 Body Parts
7%
Rich N***a Timeline Buyin Em
7%
Back to the Bando Came From Nothing
7%
Rich N***a Timeline Came to Party
7%
Y.R.N. (Young Rich N****s) Cook It Up
7%
Juug Season Coolin'
7%
No Label Dirty Dancing
7%
No Label 2 Emmitt Smith
7%
Y.R.N. (Young Rich N****s) Finesser
7%
No Label Flex
7%
Juug Season Getting To Tha Money
7%
World War 3D: The Green Album Hotpocket
7%
No Label 2 Just Wait on It
7%
Still on Lock Keep It 100
7%
No Label Lambo Doors
7%
No Label Lean Like Dis
7%
No Label 2 Migo Dreams
7%
Juug Season Money Going In
7%
Y.R.N 2 (Young Rich N*ggas 2) Muhf Ckn Tired
7%
No Label Never Lived That Life
7%
No Label No Label Intro
7%
Still on Lock No More
7%
Still on Lock No Time
7%
No Label No U Can't
7%
Still on Lock One Shot Two Shot
7%
Juug Season Out the Roof
7%
Juug Season Own Lane
7%
No Label Packs
7%
World War 3D: The Green Album Problems
7%
Y.R.N. (Young Rich N****s) Pronto
7%
No Label Pull Out
7%
World War 3D: The Green Album Sadam Usane
7%
Single Say Sum
7%
World War 3D: The Green Album Send Me Pack
7%
No Label Since When
7%
World War 3D: The Green Album Skerr
7%
Still on Lock Slam Dunk
7%
Juug Season Smell Me
7%
Rich N***a Timeline Story I Tell
7%
Juug Season Story of a Snake
7%
World War 3D: The Green Album Take My Soul
7%
Y.R.N. (Young Rich N****s) Thank You God
7%
No Label Trap Life
7%
Back to the Bando Unleashed
7%
Rich N***a Timeline What Y'all Doin
7%
Steets on Lock 3 3 Mics
6%
Streets on Lock 9 On Me
6%
Juug Season Act a Fool
6%
Still on Lock Aight
6%
Still on Lock All Dis Money
6%
Streets on Lock All I Do Is Juug
6%
Streets on Lock All Over Me
6%
Back to the Bando Asking for Money
6%
Solid Foundation ATM
6%
Back to the Bando Burnt Out
6%
Steets on Lock 3 Came In
6%
Streets on Lock Camera Flash
6%
Streets on Lock Can't Have One
6%
Streets on Lock 2 Carbon
6%
Back to the Bando Check
6%
Steets on Lock 3 Clientele
6%
Solid Foundation Designer
6%
Streets on Lock 2 Diamonds
6%
Streets on Lock Dirty Stick
6%
Streets on Lock 2 Dope In My Sock
6%
Solid Foundation Dramatic
6%
Streets on Lock Drugs Only
6%
Streets on Lock Exotic
6%
Steets on Lock 3 Facts
6%
Steets on Lock 3 Famous
6%
Steets on Lock 3 Finally Rich
6%
Steets on Lock 3 F**ked Up the Kitchen
6%
Solid Foundation F**k the Rap Game
6%
Streets on Lock 2 Fly with a Fish
6%
Solid Foundation Get Down
6%
No Label Goin' Through It
6%
Streets on Lock Grew Up in the Streets
6%
Juug Season Growed Up
6%
Juug Season HollyWood N****s
6%
Solid Foundation How Does It Feel
6%
Promotional Single I Can
6%
Steets on Lock 3 In Too Deep
6%
No Label Ion Need No Label
6%
Solid Foundation I Really Do This
6%
Y.R.N. (Young Rich N****s) Jumping Out the Gym
6%
Streets on Lock Jumpin Like Jordan
6%
Steets on Lock 3 Jumpin Like Jordan [Riot Ten Remix]
6%
Streets on Lock Kent Nugent
6%
Solid Foundation Kick the Door Down
6%
Juug Season Locked in the Game
6%
Steets on Lock 3 Made It
6%
Solid Foundation Married to the Money
6%
Streets on Lock 2 Momma We Rich
6%
Streets on Lock 2 My Momma
6%
Still on Lock Nawf On da Map
6%
Rich N***a Timeline Naw FR
6%
Back to the Bando Neighbourhood Scientists
6%
Streets on Lock Night Time
6%
Solid Foundation No Choice
6%
Streets on Lock On My Pradas
6%
Steets on Lock 3 Pack Gone Missing
6%
Back to the Bando Pamela
6%
Still on Lock People's Elbow
6%
Steets on Lock 3 Phone Line
6%
Streets on Lock 2 Piped Up
6%
Steets on Lock 3 Plug Talk
6%
Streets on Lock Pour Out The Seal
6%
Solid Foundation QC Addiction
6%
Streets on Lock Quarter Million Dollars
6%
Streets on Lock Real N****s
6%
Migo Lingo | Streets on Lock Remix
6%
Solid Foundation Rich N***a Shit
6%
Back to the Bando Rich N***a Still Trappin
6%
Streets on Lock 2 Rocky Balboa
6%
Back to the Bando Say So
6%
Still on Lock Scooby & Shaggy
6%
Streets on Lock 2 Sean Kemp
6%
Solid Foundation Shawn Kemp
6%
Still on Lock She Ain't Goin
6%
Streets on Lock Since Day 1
6%
Juug Season Skurt
6%
Back to the Bando Slanging
6%
Streets on Lock Snake N****s
6%
Migo Lingo | Streets on Lock Sorry
6%
Solid Foundation Surrender
6%
Steets on Lock 3 Switch a Roo
6%
Streets on Lock 2 Talkin Bout Nun
6%
Streets on Lock Ten Plus Ten
6%
Juug Season Train Rek
6%
Streets on Lock 2 TrapAHolics
6%
Back to the Bando Trap Problems
6%
Juug Season Tru
6%
Streets on Lock 2 Water B***h
6%
Solid Foundation | Streets on Lock 2 Water Whip
6%
Still on Lock What You Been Doin
6%
World War 3D: The Green Album What You Doin
6%
Solid Foundation When We Ride
6%
Steets on Lock 3 Who the Hell
6%
Steets on Lock 3 Why You Mad
6%
Still on Lock Wide Open
6%
Steets on Lock 3 You a Foo
6%
Steets on Lock 3 Dr Doolittle
5%
Single (#3) Hot Summer
5%
Juug Season Ibang
5%
Steets on Lock 3 Islands
5%
No Label Kush Cologne
5%
Still on Lock Lowest
5%
Juug Season Ray Bans
5%
Solid Foundation Roger That
5%
Solid Foundation They Gave the Wrong Young N***a Money
5%
No Label U Didn't Know
5%
Steets on Lock 3 Freestyle
4%
Migo Lingo Holmes
4%
Migo Lingo Hublot
4%
Migo Lingo Keep Workin
4%
Migo Lingo Middle Finger
4%
Migo Lingo Millyon
4%
Migo Lingo Of Course
4%
Migo Lingo Pass Around
4%
Migo Lingo Security Camera
4%
Migo Lingo Strippers
4%
Migo Lingo Walk in with Me
4%
Streets on Lock 2 Jumpin Like a Jordan
3%
Streets on Lock Remember
3%
Migo Lingo Remix Rerock
3%
Solid Foundation MPA Duke RNS
2%
World War 3D: The Green Album See Alot
2%
No matching quizzes found
Score Distribution
Percent of People with Each Score
Percentile by Number Answered
Your Score History
You have not taken this quiz since the last reset